De La Borde à La Chesnaie : paroles partagées (notice n° 1634623)

détails MARC
000 -LEADER
fixed length control field 01403cam a2200217 4500500
005 - DATE AND TIME OF LATEST TRANSACTION
control field 20260111132233.0
041 ## - LANGUAGE CODE
Language code of text/sound track or separate title fre
042 ## - AUTHENTICATION CODE
Authentication code dc
100 10 - MAIN ENTRY--PERSONAL NAME
Personal name Cataïfé, Emmy
Relator term author
245 00 - TITLE STATEMENT
Title De La Borde à La Chesnaie : paroles partagées
260 ## - PUBLICATION, DISTRIBUTION, ETC.
Date of publication, distribution, etc. 2025.<br/>
500 ## - GENERAL NOTE
General note 31
520 ## - SUMMARY, ETC.
Summary, etc. Les problématiques concernant le thème de l’accompagnement suscitent aujourd’hui un fort intérêt. Nous maintenons cependant une position réflexive et un recul critique nécessaires vis-à-vis de certaines approches contemporaines, particulièrement concernant l’impasse clinique et dépolitisante des questions collectives vers laquelle les grammaires dites « collaboratives » des autorités de tutelle tendent à nous conduire. Cependant, les rencontres entre La Chesnaie, Les Temps d’Arts et La Borde ont été l’occasion de nourrir nos liens, de retourner à l’historiographie du mouvement en discutant son contexte d’émergence et de prendre un temps commun pour parler des bases théoriques qui nous animent.
690 ## - LOCAL SUBJECT ADDED ENTRY--TOPICAL TERM (OCLC, RLIN)
Topical term or geographic name as entry element accompagnement
690 ## - LOCAL SUBJECT ADDED ENTRY--TOPICAL TERM (OCLC, RLIN)
Topical term or geographic name as entry element Co-soignance
690 ## - LOCAL SUBJECT ADDED ENTRY--TOPICAL TERM (OCLC, RLIN)
Topical term or geographic name as entry element pratiques
690 ## - LOCAL SUBJECT ADDED ENTRY--TOPICAL TERM (OCLC, RLIN)
Topical term or geographic name as entry element psychothérapie institutionnelle
690 ## - LOCAL SUBJECT ADDED ENTRY--TOPICAL TERM (OCLC, RLIN)
Topical term or geographic name as entry element soin
786 0# - DATA SOURCE ENTRY
Note VST - Vie sociale et traitements | 168 | 4 | 2025-12-05 | p. 35-40 | 0396-8669
856 41 - ELECTRONIC LOCATION AND ACCESS
Uniform Resource Identifier <a href="https://shs.cairn.info/revue-vst-vie-sociale-et-traitements-2025-4-page-35?lang=fr&redirect-ssocas=7080">https://shs.cairn.info/revue-vst-vie-sociale-et-traitements-2025-4-page-35?lang=fr&redirect-ssocas=7080</a>

Pas d'exemplaire disponible.

PLUDOC

PLUDOC est la plateforme unique et centralisée de gestion des bibliothèques physiques et numériques de Guinée administré par le CEDUST. Elle est la plus grande base de données de ressources documentaires pour les Étudiants, Enseignants chercheurs et Chercheurs de Guinée.

Adresse

627 919 101/664 919 101

25 boulevard du commerce
Kaloum, Conakry, Guinée

Réseaux sociaux

Powered by Netsen Group @ 2025